| 000 | 00514nam a2200169 a 4500 | ||
|---|---|---|---|
| 005 | 20140310183154.0 | ||
| 008 | 970101s19uu xx 00 eng d | ||
| 050 |
_aQA 76.76.O63 _b.Us84 1994 |
||
| 245 |
_aUser's guide Microsoft windows : _boperating system version 3.1 / |
||
| 260 |
_a[S.L] : _bMicrosoft Corp, _c1994. |
||
| 300 |
_a114 p. : _bill. ; _c24 cm. |
||
| 521 | _aIT | ||
| 650 | _aMicrosoft windows (computer program | ||
| 650 | _aMS-DOS ( Computer program) | ||
| 942 |
_cBK _2lcc _kFOR |
||
| 999 |
_c19725 _d19725 |
||